000 00352nam a2200133 i 4500
001 bg
100 1 _aŻUCHOWSKI, Krzysztof
245 0 _aZwiązki fluktuacyjno-dysypacyjne warunki stacjonarności /
_cKrzysztof Żuchowski.
260 _aWarszawa,
_c1980.
040 _cBPK
041 _apol
942 _cKS
008 s pl f |000 0 pol
999 _c20874
_d20874
856 _uhttp://koha.tu.koszalin.pl/cgi-bin/koha/opac-detail.pl?biblionumber=20874
_yKatalog online BPK